| 000 | 00809cam a22002413a 4500 | ||
|---|---|---|---|
| 001 | 17970 | ||
| 003 | PGUSA | ||
| 005 | 20140828083401.0 | ||
| 008 | 060312s2006||||xxu|||||s|||||000 | eng d | ||
| 040 |
_aPGUSA _beng |
||
| 042 | _adc | ||
| 050 | 4 | _aF001 | |
| 100 | 1 |
_aBrooks, Henry M. _q(Henry Mason), _d1822-1898 |
|
| 245 | 1 | 4 |
_aThe Olden Time Series, Vol. 1 : _bCuriosities of the Old Lottery : Gleanings Chiefly from Old Newspapers of Boston and Salem, Massachusetts _h[electronic resource] / _cHenry M. Brooks |
| 260 |
_bProject Gutenberg, _c2006 |
||
| 506 | _aPublic domain in the USA. | ||
| 516 | _aElectronic text | ||
| 653 | _aNew England -- Social life and customs | ||
| 653 | _aLotteries | ||
| 830 | 0 |
_aProject Gutenberg _v17970 |
|
| 856 | 4 | 0 | _uhttp://www.gutenberg.org/ebooks/17970 |
| 942 | _cEB | ||
| 999 |
_c247225 _d247225 |
||